00287nam a2200121Ia 4500008004100000245004300041260002200084300000700106440000600113521002200119942000700141999001700148140130s9999 xx 000 0 und d cNorman bridwellaClifford Takes a trip bScholastic,c1966 a28 v1 aGrade 1 - Grade 2 cBK c40258d40258